كتاب الحماسة ;; Kitāb al-Ḥamāsah / (Record no. 78683)
[ view plain ]
| 000 -LEADER | |
|---|---|
| fixed length control field | 01018cam a2200289 a 4500 |
| 001 - CONTROL NUMBER | |
| control field | 78683 |
| 003 - CONTROL NUMBER IDENTIFIER | |
| rucl marc code | BD-RjUL |
| 005 - DATE AND TIME OF LATEST TRANSACTION | |
| control field | 20211209083148.0 |
| 008 - FIXED-LENGTH DATA ELEMENTS--GENERAL INFORMATION | |
| fixed length control field | 211101s1962 su a b f000 0 ara |
| 035 ## - SYSTEM CONTROL NUMBER | |
| System control number | (BD-RjUL) |
| 040 ## - CATALOGING SOURCE | |
| Original cataloging agency | DLC-R |
| Transcribing agency | DLC-R |
| Language of cataloging | eng |
| 041 ## - LANGUAGE CODE | |
| Language code of text/sound track or separate title | ara |
| 082 ## - DEWEY DECIMAL CLASSIFICATION NUMBER | |
| Edition number | 23 |
| Classification number | 892.71 |
| Author mark and year | TAK 1962 |
| 100 0# - MAIN ENTRY--PERSONAL NAME | |
| Personal name | Ṭāʼī, Abū Tammām Ḥabīb ibn Aws |
| Dates associated with a name | active 808-842. |
| 9 (RLIN) | 249535 |
| 245 10 - TITLE STATEMENT | |
| Title | كتاب الحماسة ;; Kitāb al-Ḥamāsah / |
| Statement of responsibility, etc. | أبو تمام حبيب بن اوس الطائي.;;Abu Tammam Habib bin Aws al-Tai. |
| 250 ## - EDITION STATEMENT | |
| Linkage | 880-03 |
| Edition statement | al-Ṭabʻah 1. |
| 260 ## - PUBLICATION, DISTRIBUTION, ETC. (IMPRINT) | |
| Place of publication, distribution, etc. | بيروت . : |
| Name of publisher, distributor, etc. | دار صادر، |
| Date of publication, distribution, etc. | 1962 |
| 300 ## - PHYSICAL DESCRIPTION | |
| Pagination | 228 p. ; |
| Size | 22 cm. |
| 490 1# - SERIES STATEMENT | |
| Series statement | Min al-turāth al-Islāmī |
| 504 ## - BIBLIOGRAPHY, ETC. NOTE | |
| Bibliography, etc | Includes bibliographical references |
| 650 #0 - SUBJECT ADDED ENTRY--TOPICAL TERM | |
| Topical term or geographic name as entry element | Arabic poetry |
| Chronological subdivision | To 622. |
| 9 (RLIN) | 249537 |
| Topical term or geographic name as entry element | Arabic poetry |
| Chronological subdivision | To 622 |
| General subdivision | History and criticism. |
| 9 (RLIN) | 249538 |
| 942 ## - ADDED ENTRY ELEMENTS (KOHA) | |
| Source of classification or shelving scheme | Dewey Decimal Classification |
| Koha item type | Books |
| Lost status | Source of classification or shelving scheme | Damaged status | Not for loan | Collection code | Permanent Location | Current Location | Shelving location | Date acquired | Total Checkouts | Full call number | Date last seen | Copy number | Koha item type |
|---|---|---|---|---|---|---|---|---|---|---|---|---|---|
| Dewey Decimal Classification | Not For Loan | Non-fiction | Central Library, University of Rajshahi | Central Library, University of Rajshahi | Reading Room | 01/11/2021 | A 892.71 TAK 1962 | 01/11/2021 | C-1 | Books |